මොහොට්ටිවත්තේ ශ්රී ගුණානන්ද සමරු කලාපය /
Mohottivaththe shri gunananda samaru kalapaya
Saved in:
| Other Authors: | , |
|---|---|
| Format: | Book |
| Published: |
කොළඹ :
සමාජ සංස්කෘතික ඒකාබද්ධතා අමාත්යාංශය,
1990.
|
| Tags: |
Add Tag
No Tags, Be the first to tag this record!
|
MARC
| LEADER | 00000nam a2200000 4500 | ||
|---|---|---|---|
| 003 | LK-CoNLD | ||
| 005 | 20260331094707.0 | ||
| 008 | 260326b |||||||| |||| 00| 0 ||| d | ||
| 015 | |2 slnb | ||
| 017 | |a 225852 |b LK-CoDNA | ||
| 040 | |a LK-CoNLD |b SIN |c LK-CoNLD |d LK-CoNLD | ||
| 082 | |2 23 |q LK-CoNLD | ||
| 245 | |6 880-1 |a මොහොට්ටිවත්තේ ශ්රී ගුණානන්ද සමරු කලාපය / |c සංස්කරණය තිස්ස කාරියවසම් සහ ප්රණීත් අභයසුන්දර විසිනි. | ||
| 260 | |a කොළඹ : |b සමාජ සංස්කෘතික ඒකාබද්ධතා අමාත්යාංශය, |c 1990. | ||
| 300 | |a පි.248 ; |c සෙමී. 21. |b නුබැ-බෝක : රු. 458.80 | ||
| 500 | |a මිල තීරණය කිරීමේ මාර්ගෝපදේශයට අනුව සකසන ලද මිල රු. 458.80 වේ. | ||
| 700 | |a කාරියවසම්, තිස්ස |9 93010 |e සංස්. | ||
| 700 | |a අබේසුන්දර, ප්රණීත් |9 93011 |e සංස්. | ||
| 880 | |6 245-1 |a Mohottivaththe shri gunananda samaru kalapaya | ||
| 942 | |c BOOK | ||
| 945 | |a 21991 |b Nadeen WEERAKOON |c 18246 |d Chamari MUTHUMALI | ||
| 999 | |c 298530 |d 298530 | ||